Prenoms de personnalites diverses - Statistiques

Statistiques générales
  • Ce quiz a été pris 890 fois
  • Le résultat moyen est 13 sur 38
Statistiques - réponses
Hint Réponse % Correct
Hugo Victor
93%
Balzac Honore
91%
Clemenceau Georges
87%
Van Gogh Vincent
80%
Rousseau Jean-Jacques
69%
Gauguin Paul
66%
Newton Isaac
63%
Mozart Wolfgang Amadeus
60%
Jefferson Thomas
59%
Chopin Frederic
56%
Diderot Denis
47%
Wagner Richard
45%
de Nerval Gerard
42%
Kant Emmanuel
40%
Kafka Franz
40%
Duchamps Marcel
33%
Eisenhower Dwight
30%
Watt James
30%
Kundera Milan
26%
Nietzsche Friedrich
25%
Ernst Max
21%
Smith Adam
20%
Machiavel Nicola
19%
Deleuze Gilles
15%
Hesse Hermann
15%
Niemeyer Oscar
14%
Pouchkine Alexandre
12%
Ampere Andre-Marie
12%
Dostoievski Fiodor
11%
Mendeleiev Dimitri
10%
Garibaldi Giuseppe
10%
de La Rochefoucauld Francois
9%
Broz (Tito) Josip
9%
Spinoza Baruch
8%
Hus Jan
6%
Goethe Johann Wolfgang
6%
Schoenberg Arnold
4%
Rossini Gioachino
4%
Aucun quiz correspondant
Distribution des résultats
% des personnes avec chaque résultat
Percentile par nombre de réponses
Votre historique - résultats
Vous n’avez pas pris ce quiz